| 000 | 00373 a2200157 4500 | ||
|---|---|---|---|
| 020 | _a9780099284147 | ||
| 040 |
_aDLC _bDLC |
||
| 082 | _a823.912 | ||
| 100 | _aGreene, Graham | ||
| 245 |
_aThe tenth man _cGraham Greene |
||
| 260 |
_aLondon _bVintage Book _c1985 |
||
| 300 | _a158 p. | ||
| 650 | _aSpanish fiction | ||
| 700 | _aGraham Greene | ||
| 942 |
_cBK _k823.912 GRE _2ddc |
||
| 999 |
_c10800 _d10800 |
||